书目信息 |
| 题名: |
外科学
|
|
| 作者: | 米振生 , 王品琪 主编 | |
| 分册: | ||
| 出版信息: | 北京 科学出版社 2016 |
|
| 页数: | 458页 | |
| 开本: | 26cm | |
| 丛书名: | ||
| 单 册: | ||
| 中图分类: | R6 | |
| 科图分类: | ||
| 主题词: | 外科学--医学院校--教材 | |
| 电子资源: | ||
| ISBN: | 978-7-03-048972-2 | |
| 000 | 00852nam0 2200253 450 | |
| 001 | 105 | |
| 005 | 20180921110719.60 | |
| 010 | @a978-7-03-048972-2@dCNY64.80 | |
| 100 | @a20160826d2016 em y0chiy50 ea | |
| 101 | 0 | @achi |
| 102 | @aCN@b110000 | |
| 105 | @aa z 000yy | |
| 200 | 1 | @a外科学@9wai ke xue@f米振生, 王品琪主编 |
| 205 | @a4版 | |
| 210 | @a北京@c科学出版社@d2016 | |
| 215 | @a458页@c图@d26cm | |
| 300 | @a“十二五”职业教育国家规划教材 供高专高职临床医学及相关专业使用 | |
| 330 | @a本书分20章,其中包括手术基本知识和技术、麻醉、外科患者的体液平衡失调、输血与移植、外科感染、损伤、外科休克、多器官功能衰竭、肿瘤、颅脑损伤等内容。 | |
| 606 | 0 | @a外科学@x医学院校@j教材 |
| 690 | @aR6@v5 | |
| 701 | 0 | @a米振生@9mi zhen sheng@4主编 |
| 701 | 0 | @a王品琪@9wang pin qi@4主编 |
| 801 | 0 | @aCN@b91MARC@c20160826 |
| 905 | @aMuseLib@dR6@e52=4 | |
| 外科学/米振生, 王品琪主编.-4版.-北京:科学出版社,2016 |
| 458页:图;26cm |
| “十二五”职业教育国家规划教材 供高专高职临床医学及相关专业使用 |
| ISBN 978-7-03-048972-2:CNY64.80 |
| 本书分20章,其中包括手术基本知识和技术、麻醉、外科患者的体液平衡失调、输血与移植、外科感染、损伤、外科休克、多器官功能衰竭、肿瘤、颅脑损伤等内容。 |
| ● |
| 相关链接 |
|
|
|
|
正题名:外科学
索取号:R6/52=4
 
预约/预借
| 序号 | 登录号 | 条形码 | 馆藏地/架位号 | 状态 | 备注 |
| 1 | 1118279 | 211182799 | 第二样本阅览室/ [索取号:R6/52=4] | 在馆 | |
| 2 | 1118280 | 211182806 | 第三借阅区/ [索取号:R6/52=4] | 在馆 | |
| 3 | 1118281 | 211182815 | 第三借阅区/ [索取号:R6/52=4] | 在馆 | |
| 4 | 1118282 | 211182824 | 第三借阅区/ [索取号:R6/52=4] | 在馆 | |
| 5 | 1118283 | 211182833 | 第三借阅区/ [索取号:R6/52=4] | 在馆 |